Breeding and keeping frogs and toads

Bibliographic Details
Main Author: Mara, W.P
Format: Book
Published: New Jersey : T.F.H. Publications,Inc. , 1994
Subjects:

MARC

LEADER 00000cam a2200000 7i4500
001 0000038708
005 20000706.0
020 |a 0793801303 
090 0 0 |a 639.3   |b MAR 
100 1 |a Mara, W.P. 
245 1 0 |a Breeding and keeping frogs and toads   |c W.P. Mara 
260 |a New Jersey :   |b T.F.H. Publications,Inc. ,   |c 1994 
300 |a 159p. :   |b ill. ;   |c 27cm. 
650 0 0 |a Frogs as pets 
999 |a 00088716   |b BUKU   |c RUJUKAN   |e PERPUSTAKAAN KOMUNITI PETALING JAYA